Vybrané faktory ovplyvňujúce vývoj zahraničného obchodu SR
Faktory vplývajúce na vývoj zahraničného obchodu SR. Prílev priamych zahraničných investícií do SR v rokoch 1996-2002. Teritoriálna štruktúra zahraničného obchodu Slovenskej republiky.
Salvato in:
| Autore principale: | |
|---|---|
| Altri autori: | |
| Natura: | Capitolo di libro |
| Lingua: | slovacco |
| Soggetti: | |
| Tags: |
Nessun Tag, puoi essere il primo ad aggiungerne!!
|
MARC
| LEADER | 00000naa$a2200000$$$4500 | ||
|---|---|---|---|
| 001 | 0013256 | ||
| 005 | 20221128113218.6 | ||
| 041 | 0 | |a slo | |
| 044 | |a SK | ||
| 245 | 1 | 0 | |a Vybrané faktory ovplyvňujúce vývoj zahraničného obchodu SR |c aut. Martin Líner, Zuzana Línerová |
| 520 | |a Faktory vplývajúce na vývoj zahraničného obchodu SR. Prílev priamych zahraničných investícií do SR v rokoch 1996-2002. Teritoriálna štruktúra zahraničného obchodu Slovenskej republiky. | ||
| 610 | 2 | 0 | |a Slovensko |
| 610 | 2 | 0 | |a investície priame zahraničné |
| 610 | 2 | 0 | |a dopyt domáci |
| 610 | 2 | 0 | |a obchod zahraničný |
| 610 | 2 | 0 | |a štruktúra vývozu |
| 610 | 2 | 0 | |a porovnanie medzinárodné |
| 610 | 2 | 0 | |a podnikatelia |
| 610 | 2 | 0 | |a podnikanie |
| 100 | 1 | |a Líner, Martin | |
| 700 | 1 | |a Línerová, Zuzana | |